01137nam a2200229 a 4500008004100000020001500041050001700056100002000073245004900093250001100142260004200153300002300195350000900218650001600227650003600243650004100279995015200320995015200472999001700624952013300641952013300774120416s1988 ||||||||||||||||| || u a0673189457 aHC 79.E5 Tie aTietenberg, Tom10aEnvironmental and natural resource economics a2nd ed aGlenview, Ill.bScott & Foremanc1988 axviii, 559p. : ill a0.00 aENVIRONMENT 0aENVIRONMENTAL POLICY--MACEDONIA aNATURAL RESOURCES--GOVERNMENT POLICY aMAIN LIBRARY OPEN ACCESSD0.00e725512FCBU-MAIN LIBRARY (Kitwe)H2I39.40jHC 79.E5 TieM2UAVAILABLEy002168ZMain Library Open Access Collection aMAIN LIBRARY OPEN ACCESSD0.00e725511FCBU-MAIN LIBRARY (Kitwe)H1I39.40jHC 79.E5 TieM1UAVAILABLEy002167ZMain Library Open Access Collection c62723d62723 00102lcc4070a001b001cMain Library Open Access Collectiond2022-12-16l0oHC 79.E5 Tiep002168r2022-12-16w2022-12-16y002 00102lcc4070a001b001cMain Library Open Access Collectiond2022-12-16l0oHC 79.E5 Tiep002167r2022-12-16w2022-12-16y002